000 00513nam a2200169Ia 4500
999 _c35914
_d35914
003 OSt
005 20201221131254.0
008 190216s9999||||xx |||||||||||||| ||und||
040 _coclc
082 _a327.03
_bGUP/E
100 _aGupta, Madan Gopal
_9562
245 0 _aEncyclopedia Of Contemporary International Affairs /
_cMadan Gopal Gupta
260 _bY K Publishers,
_c1987.
_aAgra:
300 _a454p
650 _aEncyclopaedia
942 _cREF
_2ddc
_h327.03
_iGUP/E
_k327.03
_mGUP/E